000 00357cam a2200145ua 4500
041 _amal
_h
082 _a894.812308
_bSAN/SR
100 _aSankaran Nair, N .
245 _aSri Nikethanam /
_cN Sankaran Nair.
_hTextual Documents
260 _aThrissur :
_bCurrent Books ,
_c1966.
300 _a291 ; .
504 _a
942 _cBK
999 _c4473
_d4473